Análisis histórico geográfico del uso de los términos valle, meseta y depresión en la región central de Costa Rica /
Por medio de un análisis histórico geográfico se analiza la aplicación de los términos valle, meseta y depresión a la región central de Costa Rica desde el periodo colonial hasta la actualidad. Se concluye que el término correcto es depresión tectónica
Guardado en:
| Hovedforfatter: | |
|---|---|
| Format: | Texto |
| Fag: | |
| Tags: |
Tilføj Tag
Ingen Tags, Vær først til at tagge denne postø!
|
MARC
| LEADER | 00000 a a2200000 04500 | ||
|---|---|---|---|
| 001 | 13712 | ||
| 003 | |||
| 040 | |||
| 100 | |a Vargas Ulate, Gilbert | ||
| 245 | |a Análisis histórico geográfico del uso de los términos valle, meseta y depresión en la región central de Costa Rica / |c Gilbert Vargas Ulate | ||
| 520 | |a Por medio de un análisis histórico geográfico se analiza la aplicación de los términos valle, meseta y depresión a la región central de Costa Rica desde el periodo colonial hasta la actualidad. Se concluye que el término correcto es depresión tectónica | ||
| 650 | |a GEOGRAFIA | ||
| 650 | |a VALLES | ||
| 650 | |a MESETAS | ||
| 650 | |a COSTA RICA | ||
| 773 | |g volumen 85, número 1 -2; páginas 247-265 | ||
| 999 | |c 26213 |d 26213 | ||
